000 00811cam a2200277 i 4500
999 _c9953
_d9953
001 9953
003 BD-JhCC
005 20180403191751.0
008 180403s1964 caua b 001 0 eng
020 _a0716701790
035 _a(BD-JhCC)9953
040 _aDLC
_cDLC
_dDLC
_dBD-JhCC
041 _aeng
050 0 0 _aQH345
_b.C52 1964
082 0 0 _a574.1/92/028
_bCLA 1964
100 1 _aClark, John Magruder,
_d1932-
245 1 0 _aExperimental biochemistry /
_cJohn M. Clark, Jr. and Robert L. Switzer.
250 _a2d ed.
260 _aSan Francisco :
_bW. H. Freeman,
_cc1977.
300 _a228 p. :
_bill. ;
_c28 cm.
504 _aIncludes bibliographies and index.
650 0 _aBiochemistry
_xLaboratory manuals.
700 1 _aSwitzer, Robert L.,
942 _2ddc
_cREF